[Event "Dhaka Al Mahmud Memorial"]
[Site "Dhaka"]
[Date "2022.02.07"]
[Round "3"]
[White "Ghosh, Chanchal Kumer"]
[Black "Chowdhury, Shamsul Kabir"]
[Result "1-0"]
[WhiteElo "2074"]
[BlackElo "1700"]
[PlyCount "76"]
[EventDate "2022.02.05"]
[EventType "swiss"]
[EventRounds "9"]
[EventCountry "BAN"]
[SourceTitle "EXT 2023"]
[Source "ChessBase"]
[SourceDate "2022.10.05"]
[SourceVersion "1"]
[SourceVersionDate "2022.10.05"]
[SourceQuality "1"]

1. e4 c6 2. Nf3 d5 3. Nc3 dxe4 4. Nxe4 Bf5 5. Ng3 Bg6 6. h4 h6 7. Ne5 Bh7 8. Qh5 g6 9. Bc4 e6 10. Qe2 Qe7 11. b3 Nf6 12. a4 Bg7 13. Ba3 c5 14. Bb5+ Nfd7 15. 0-0-0 Bxe5 16. Qxe5 0-0 17. Qe3 Kg7 18. d4 b6 19. Qf3 a6 20. Qxa8 axb5 21. axb5 Nf6 22. dxc5 bxc5 23. Bb2 Kg8 24. Qf3 Nbd7 25. Qf4 g5 26. hxg5 Nd5 27. Rxd5 exd5 28. Bf6 Nxf6 29. gxf6 Qa7 30. Rxh6 Qa1+ 31. Kd2 Qa5+ 32. Ke2 Re8+ 33. Kf3 Qc3+ 34. Kg4 Qb4 35. c4 Kh8 36. Rxh7+ Kxh7 37. Qf5+ Kh8 38. Qh5+ Kg8 1-0

[Event "Dhaka Rating op"]
[Site "Dhaka"]
[Date "2019.05.23"]
[Round "1"]
[White "Islam, Khandaker Aminul"]
[Black "Chowdhury, Shamsul Kabir"]
[Result "1/2-1/2"]
[WhiteElo "2229"]
[BlackElo "1784"]
[PlyCount "80"]
[EventDate "2019.05.23"]
[EventType "swiss"]
[EventRounds "8"]
[EventCountry "BAN"]
[SourceTitle "EXT 2020"]
[Source "ChessBase"]
[SourceDate "2019.10.17"]
[SourceVersion "1"]
[SourceVersionDate "2019.10.17"]
[SourceQuality "1"]

1. Nf3 d5 2. g3 Nf6 3. Bg2 e6 4. 0-0 Be7 5. c4 d4 6. e3 c5 7. exd4 cxd4 8. d3 Nc6 9. Na3 0-0 10. Nc2 a5 11. Re1 Qb6 12. Rb1 Rd8 13. Ne5 Nxe5 14. Rxe5 Bd7 15. Bd2 Bc6 16. Bxc6 bxc6 17. Qe1 c5 18. Re2 a4 19. Qf1 Qc6 20. Qg2 Qxg2+ 21. Kxg2 Rab8 22. Na3 Ne8 23. Kf1 g5 24. Ke1 Rb7 25. Nb5 Kg7 26. b3 axb3 27. Rxb3 Ra8 28. Bc1 Rb6 29. Nxd4 Rba6 30. Nf5+ exf5 31. Rxe7 Rxa2 32. Bxg5 Rc2 33. Kf1 Nf6 34. h3 Nh5 35. Be3 Nxg3+ 36. Kg2 f4 37. Bxf4 Nf5 38. Be5+ Kg6 39. Rb6+ Kh5 40. Rxf7 Nh6 1/2-1/2

[Event "BAN Walton 1st League"]
[Site "Dhaka"]
[Date "2018.11.03"]
[Round "10.3"]
[White "Chowdhury, Shamsul Kabir"]
[Black "Shawket Bin, Osman Shaon"]
[Result "0-1"]
[WhiteElo "1840"]
[BlackElo "2084"]
[PlyCount "130"]
[EventDate "2018.10.25"]
[EventType "team-tourn"]
[EventRounds "11"]
[EventCountry "BAN"]
[SourceTitle "CBM 187 Extra"]
[Source "ChessBase"]
[SourceDate "2018.11.04"]
[SourceVersion "1"]
[SourceVersionDate "2018.11.04"]
[SourceQuality "1"]
[WhiteTeam "Mohakhali Prodip Sangah"]
[BlackTeam "Mir CC"]
[WhiteTeamCountry "BAN"]
[BlackTeamCountry "BAN"]

1. d4 d5 2. c4 e6 3. Nc3 c6 4. Bf4 Bd6 5. Bxd6 Qxd6 6. c5 Qc7 7. e4 f6 8. g3 Ne7 9. Bh3 0-0 10. Nge2 b6 11. b4 bxc5 12. dxc5 Rd8 13. exd5 Nxd5 14. Qb3 a5 15. Nxd5 Rxd5 16. 0-0 axb4 17. Nf4 Re5 18. Bxe6+ Bxe6 19. Nxe6 Qf7 20. Rfe1 Nd7 21. f4 Nxc5 22. Nxc5 Rxc5 23. Qxb4 Rc4 24. Qd6 Qd5 25. Qe6+ Qxe6 26. Rxe6 Kf7 27. Rd6 Kg6 28. Rd7 Ra3 29. f5+ Kh6 30. Rd2 c5 31. Rf1 Rca4 32. Rff2 c4 33. Kg2 c3 34. Rc2 Ra5 35. h4 Rd5 36. Kh3 Rd3 37. Kh2 Ra5 38. Kh3 Re5 39. a4 Ree3 40. Rg2 Rf3 41. Kg4 Rf1 42. Rgf2 Rxf2 43. Rxf2 Rd4+ 44. Kf3 Rxa4 45. Rc2 Rc4 46. g4 g6 47. fxg6 hxg6 48. Kg3 f5 49. gxf5 gxf5 50. Kf3 Rxh4 51. Ke3 Kg5 52. Kd3 Rh3+ 53. Kd4 f4 54. Ke4 Kg4 55. Rg2+ Rg3 56. Rc2 Re3+ 57. Kd4 Kg3 58. Ra2 Re7 59. Kxc3 f3 60. Ra8 f2 61. Rg8+ Kf3 62. Kd2 Rd7+ 63. Kc3 Rf7 64. Rh8 f1Q 65. Rh3+ Qxh3 0-1

[Event "BAN Walton 1st League"]
[Site "Dhaka"]
[Date "2018.11.02"]
[Round "9.3"]
[White "Faisal, Hossain"]
[Black "Chowdhury, Shamsul Kabir"]
[Result "1-0"]
[WhiteElo "1929"]
[BlackElo "1840"]
[PlyCount "95"]
[EventDate "2018.10.25"]
[EventType "team-tourn"]
[EventRounds "11"]
[EventCountry "BAN"]
[SourceTitle "CBM 187 Extra"]
[Source "ChessBase"]
[SourceDate "2018.11.04"]
[SourceVersion "1"]
[SourceVersionDate "2018.11.04"]
[SourceQuality "1"]
[WhiteTeam "Khelaghor Daba Sangah"]
[BlackTeam "Mohakhali Prodip Sangah"]
[WhiteTeamCountry "BAN"]
[BlackTeamCountry "BAN"]

1. e4 c6 2. e5 d6 3. exd6 exd6 4. Nf3 Nf6 5. d4 Be7 6. Bd3 Bg4 7. h3 Bh5 8. 0-0 0-0 9. c3 Nbd7 10. Re1 Re8 11. Bf4 Qb6 12. b3 Bf8 13. g4 Bg6 14. Bxg6 hxg6 15. Qd3 Rxe1+ 16. Nxe1 Nd5 17. Bd2 Re8 18. Na3 N7f6 19. Nf3 Qd8 20. c4 Nc7 21. Nc2 Ne4 22. Re1 Nxd2 23. Qxd2 Rxe1+ 24. Ncxe1 Qf6 25. Qg5 d5 26. Qxf6 gxf6 27. Nd3 b6 28. Kf1 a5 29. Ke2 dxc4 30. bxc4 b5 31. c5 b4 32. Kd2 Nd5 33. Kc2 a4 34. g5 fxg5 35. Nfe5 b3+ 36. axb3 axb3+ 37. Kxb3 Ne7 38. Nb4 Nf5 39. Kc4 Bg7 40. Nbxc6 Kf8 41. d5 Ne7 42. d6 Nxc6 43. Nxc6 Ke8 44. Kd5 Bc3 45. Nb8 Be1 46. c6 Kd8 47. c7+ Kc8 48. Kc6 1-0

[Event "BAN Walton 1st League"]
[Site "Dhaka"]
[Date "2018.10.30"]
[Round "6.4"]
[White "Chowdhury, Shamsul Kabir"]
[Black "Rahman, Syed Mahfuzur"]
[Result "0-1"]
[WhiteElo "1840"]
[BlackElo "2224"]
[PlyCount "70"]
[EventDate "2018.10.25"]
[EventType "team-tourn"]
[EventRounds "11"]
[EventCountry "BAN"]
[SourceTitle "CBM 187 Extra"]
[Source "ChessBase"]
[SourceDate "2018.11.04"]
[SourceVersion "1"]
[SourceVersionDate "2018.11.04"]
[SourceQuality "1"]
[WhiteTeam "Mohakhali Prodip Sangah"]
[BlackTeam "Janata Bank Officer Welfare"]
[WhiteTeamCountry "BAN"]
[BlackTeamCountry "BAN"]

1. d4 d5 2. c4 c6 3. Nc3 Nf6 4. Bf4 dxc4 5. e3 b5 6. a4 Qb6 7. Nf3 e6 8. Be2 Bb4 9. 0-0 0-0 10. Qc2 Nbd7 11. Ne5 Nxe5 12. Bxe5 Nd7 13. Bg3 Bb7 14. Bf3 a6 15. Ne4 c5 16. a5 Qd8 17. Bd6 f5 18. Nxc5 Bxc5 19. dxc5 Bxf3 20. gxf3 Qg5+ 21. Kh1 Rfc8 22. b4 cxb3 23. Qxb3 Nxc5 24. Bxc5 Rxc5 25. Qxe6+ Kh8 26. Rg1 Qf6 27. Qd7 Rac8 28. Rad1 R5c7 29. Qd6 Qxd6 30. Rxd6 Rc6 31. Rgd1 g6 32. Kg2 R8c7 33. Rd8+ Kg7 34. Rb8 Re6 35. Rb6 Rxb6 0-1

[Event "Dhaka Walton op 07"]
[Site "Dhaka"]
[Date "2018.07.11"]
[Round "8"]
[White "Chowdhury, Shamsul Kabir"]
[Black "Md Abzid, Rahman"]
[Result "1-0"]
[WhiteElo "1774"]
[BlackElo "1940"]
[PlyCount "59"]
[EventDate "2018.07.04"]
[EventType "swiss"]
[EventRounds "9"]
[EventCountry "BAN"]
[SourceTitle "EXT 2019"]
[Source "ChessBase"]
[SourceDate "2018.10.10"]
[SourceVersion "1"]
[SourceVersionDate "2018.10.10"]
[SourceQuality "1"]

1. d4 f5 2. c4 Nf6 3. Nc3 g6 4. g3 Bg7 5. Bg2 0-0 6. e4 fxe4 7. Nxe4 Nxe4 8. Bxe4 c5 9. d5 Qa5+ 10. Bd2 Qa6 11. Qc2 Qf6 12. Bc3 Qf7 13. Bxg7 Kxg7 14. h4 d6 15. h5 Bf5 16. hxg6 hxg6 17. Nh3 Bxh3 18. Rxh3 Nd7 19. Rh4 Qf6 20. f4 Qd4 21. Kf1 Nf6 22. Bxg6 Rh8 23. Rd1 Qe3 24. Rd3 Rxh4 25. Rxe3 Rh1+ 26. Kg2 Rah8 27. Rxe7+ Kg8 28. Bh7+ Kf8 29. Rf7+ Kxf7 30. Qg6+ 1-0

[Event "BAN Marcel 1st Div"]
[Site "Dhaka"]
[Date "2018.01.01"]
[Round "3.3"]
[White "Md, Sariatullah"]
[Black "Chowdhury, Shamsul Kabir"]
[Result "0-1"]
[WhiteElo "1970"]
[BlackElo "1769"]
[PlyCount "171"]
[EventDate "2017.12.30"]
[EventType "team-tourn"]
[EventRounds "9"]
[EventCountry "BAN"]
[SourceTitle "CBM 182 Extra"]
[Source "ChessBase"]
[SourceDate "2018.02.23"]
[SourceVersion "1"]
[SourceVersionDate "2018.02.23"]
[SourceQuality "1"]
[WhiteTeam "Hasan Memorial CC"]
[BlackTeam "Mohakhali Pradip Sangah"]
[WhiteTeamCountry "BAN"]
[BlackTeamCountry "BAN"]

1. e4 c6 2. Nf3 d5 3. Nc3 dxe4 4. Nxe4 Bf5 5. Ng3 Bg6 6. d4 e6 7. h4 h6 8. Bd3 Bxd3 9. Qxd3 Nf6 10. Bd2 Nd5 11. 0-0-0 Nb4 12. Qb3 a5 13. Kb1 a4 14. Qe3 Qd5 15. Bxb4 Bxb4 16. Ne4 Nd7 17. Rh3 f5 18. Nc3 Bxc3 19. Qxc3 e5 20. Nxe5 Nxe5 21. Re3 0-0-0 22. b3 Ng4 23. Re7 Nxf2 24. Rf1 Ne4 25. Qb4 Rd7 26. Rxd7 Qxd7 27. Qa5 Kb8 28. Qe5+ Qd6 29. Rxf5 Qxe5 30. Rxe5 Nc3+ 31. Kb2 Nb5 32. bxa4 Nd6 33. Re7 Nf5 34. Re4 Rd8 35. c3 Rd7 36. Rf4 Rf7 37. Kb3 Nd6 38. Rg4 Kc7 39. a5 Ne8 40. Re4 Kd7 41. c4 Rf5 42. Kb4 Rf2 43. Rg4 Rxa2 44. Rg6 Rb2+ 45. Kc5 Kc7 46. Re6 Nf6 47. d5 cxd5 48. Re7+ Nd7+ 49. Kd4 Rd2+ 50. Kc3 Rxg2 51. cxd5 Rg3+ 52. Kc4 Kd6 53. Re6+ Kc7 54. Kb5 Rb3+ 55. Kc4 Ra3 56. Kb5 Rd3 57. Kc4 Rh3 58. Re4 Rg3 59. Kb5 h5 60. Re6 Rd3 61. Kc4 Rd1 62. Re7 Rc1+ 63. Kb5 Rg1 64. Re6 Rb1+ 65. Kc4 Rc1+ 66. Kb5 Rc5+ 67. Kb4 Rxd5 68. Rg6 Rd4+ 69. Kb5 Rg4 70. Re6 Rxh4 71. a6 bxa6+ 72. Rxa6 Rg4 73. Ra1 Rg5+ 74. Kc4 Rf5 75. Rg1 g5 76. Kd4 Nf6 77. Ke3 Kd6 78. Ra1 Ke5 79. Ra5+ Nd5+ 80. Ke2 h4 81. Ra8 Rf4 82. Rg8 Kf5 83. Rd8 Nf6 84. Ra8 Kg4 85. Ra3 h3 86. Ke1 0-1

[Event "BAN Walton 1st League"]
[Site "Dhaka"]
[Date "2016.12.10"]
[Round "5.2"]
[White "Chowdhury, Shamsul Kabir"]
[Black "Zia, Tahsin Tajwar"]
[Result "1/2-1/2"]
[WhiteElo "1860"]
[BlackElo "1806"]
[PlyCount "61"]
[EventDate "2016.12.06"]
[EventType "team-tourn"]
[EventRounds "9"]
[EventCountry "BAN"]
[SourceTitle "CBM 176 Extra"]
[Source "ChessBase"]
[SourceDate "2017.03.02"]
[SourceVersion "1"]
[SourceVersionDate "2017.03.02"]
[SourceQuality "1"]
[WhiteTeam "Masud Sports"]
[BlackTeam "Golden Sporting"]
[WhiteTeamCountry "BAN"]
[BlackTeamCountry "BAN"]

1. d4 d5 2. c4 e6 3. Nc3 Nf6 4. Bf4 c6 5. e3 Bd6 6. Bxd6 Qxd6 7. c5 Qc7 8. f4 0-0 9. Bd3 b6 10. b4 bxc5 11. bxc5 Ba6 12. h3 Qa5 13. Nge2 Ne4 14. Bxe4 Bxe2 15. Bxh7+ Kxh7 16. Qc2+ Kg8 17. Kxe2 Na6 18. a3 Nc7 19. g4 Rab8 20. Kf3 Rb7 21. Rhb1 Rfb8 22. Rxb7 Rxb7 23. Rb1 Rxb1 24. Nxb1 Qe1 25. Nc3 Qf1+ 26. Kg3 Qg1+ 27. Kf3 Qf1+ 28. Kg3 Qe1+ 29. Kf3 Qh1+ 30. Kg3 Qg1+ 31. Kf3 1/2-1/2

[Event "BAN-chT"]
[Site "Dhaka"]
[Date "2015.12.12"]
[Round "7.1"]
[White "Sujan"]
[Black "Chowdhury, Shamsul Kabir"]
[Result "0-1"]
[WhiteElo "1982"]
[BlackElo "1845"]
[PlyCount "84"]
[EventDate "2015.12.06"]
[EventType "team-tourn"]
[EventRounds "9"]
[EventCountry "BAN"]
[SourceTitle "EXT 2017"]
[Source "ChessBase"]
[SourceDate "2016.10.25"]
[SourceVersion "1"]
[SourceVersionDate "2016.10.25"]
[SourceQuality "1"]
[WhiteTeam "Pathagar Sultana Kamal"]
[BlackTeam "Leonine CC"]
[WhiteTeamCountry "BAN"]
[BlackTeamCountry "BAN"]

1. e4 c6 2. d4 d5 3. exd5 cxd5 4. Nf3 Nf6 5. c3 Nc6 6. Bf4 e6 7. Nbd2 Ne4 8. Nxe4 dxe4 9. Ng5 Qd5 10. Qa4 h6 11. Bc4 Qf5 12. Nh3 g5 13. Be3 Bd6 14. 0-0-0 Bd7 15. d5 Ne5 16. Bb5 exd5 17. Bxd7+ Qxd7 18. Qxd7+ Kxd7 19. Rxd5 Ke6 20. Rb5 b6 21. Bd4 Rhd8 22. Bxe5 Bxe5 23. Re1 f5 24. f3 Rd5 25. Rxd5 Kxd5 26. fxe4+ fxe4 27. g3 Rf8 28. Re2 Rf3 29. Nf2 e3 30. Ng4 Ke4 31. Nxe5 Kxe5 32. Kd1 Ke4 33. Ke1 Kd3 34. a3 a5 35. Rg2 g4 36. Re2 b5 37. Rg2 Rf5 38. Re2 Rf6 39. Rg2 b4 40. axb4 axb4 41. Re2 b3 42. h4 h5 0-1

[Event "BAN-chT"]
[Site "Dhaka"]
[Date "2015.12.11"]
[Round "6.1"]
[White "Chowdhury, Shamsul Kabir"]
[Black "Haque, Rezaul"]
[Result "0-1"]
[WhiteElo "1845"]
[BlackElo "2108"]
[PlyCount "66"]
[EventDate "2015.12.06"]
[EventType "team-tourn"]
[EventRounds "9"]
[EventCountry "BAN"]
[SourceTitle "EXT 2017"]
[Source "ChessBase"]
[SourceDate "2016.10.25"]
[SourceVersion "1"]
[SourceVersionDate "2016.10.25"]
[SourceQuality "1"]
[WhiteTeam "Leonine CC"]
[BlackTeam "Titas CC"]
[WhiteTeamCountry "BAN"]
[BlackTeamCountry "BAN"]

1. d4 d6 2. c4 e5 3. d5 Nf6 4. Nc3 Be7 5. e4 0-0 6. h3 a5 7. Be3 Na6 8. Bd3 Nd7 9. Qd2 Ndc5 10. Bb1 Nxe4 11. Nxe4 f5 12. Ng5 f4 13. Nxh7 fxe3 14. Qxe3 Rf4 15. g3 Rxc4 16. b3 Rc5 17. h4 Nb4 18. Qe4 Nxd5 19. Ng5 Nf6 20. Qg6 Qe8 21. h5 Bd7 22. Bf5 Qxg6 23. Bxg6 Rf8 24. Ne2 e4 25. Nxe4 Nxe4 26. Bxe4 Re5 27. Bxb7 Bb5 28. 0-0-0 Bxe2 29. Rde1 Rxf2 30. h6 Bg4 31. Kb1 Bf5+ 32. Ka1 Rxe1+ 33. Rxe1 Bf6+ 0-1

[Event "BAN-chT"]
[Site "Dhaka"]
[Date "2015.12.08"]
[Round "3.1"]
[White "Abu Sufian, Sakil"]
[Black "Chowdhury, Shamsul Kabir"]
[Result "1-0"]
[WhiteElo "2325"]
[BlackElo "1845"]
[PlyCount "69"]
[EventDate "2015.12.06"]
[EventType "team-tourn"]
[EventRounds "9"]
[EventCountry "BAN"]
[SourceTitle "EXT 2017"]
[Source "ChessBase"]
[SourceDate "2016.10.25"]
[SourceVersion "1"]
[SourceVersionDate "2016.10.25"]
[SourceQuality "1"]
[WhiteTeam "Golden Sporting"]
[BlackTeam "Leonine CC"]
[WhiteTeamCountry "BAN"]
[BlackTeamCountry "BAN"]

1. e4 c6 2. d4 d5 3. exd5 cxd5 4. Bd3 Nc6 5. c3 Nf6 6. Bf4 Bg4 7. Qb3 Qd7 8. Nd2 e6 9. Ngf3 a6 10. 0-0 Be7 11. Ne5 Nxe5 12. dxe5 Nh5 13. Be3 g5 14. Rfe1 Nf4 15. Bf1 h5 16. c4 h4 17. h3 Bh5 18. Rac1 Nxh3+ 19. gxh3 d4 20. Ne4 dxe3 21. Qxe3 f6 22. exf6 Bb4 23. Nc5 Bxc5 24. Qxc5 Kf7 25. Bg2 Rac8 26. Qe5 b6 27. b4 g4 28. c5 bxc5 29. Rxc5 Rxc5 30. bxc5 g3 31. fxg3 hxg3 32. Rb1 Kf8 33. f7 Rh7 34. Rb8+ Ke7 35. f8Q# 1-0